[Event "Gibraltar Masters 2019"]
[Site "Caleta ENG"]
[Date "2019.01.30"]
[Round "9.89"]
[White "Bellon Lopez,JuM"]
[Black "Bianco,V"]
[Result "1-0"]
[WhiteElo "2332"]
[BlackElo "2018"]

1.d4 d5 2.Bg5 Nd7 3.e3 Ngf6 4.Nd2 c5 5.Ngf3 e6 6.c3 Bd6 7.Bb5 h6 8.Bh4 O-O
9.Bxd7 Bxd7 10.Ne5 Be7 11.Bxf6 Bxf6 12.Nxd7 Qxd7 13.f4 Qb5 14.Qc2 Rac8 15.Nf3 cxd4
16.exd4 Qc4 17.Qd2 b5 18.a3 a5 19.Kf2 Rc7 20.Rhe1 Rb8 21.g4 g6 22.h4 b4 23.cxb4 Qb3
24.Re3 Qc2 25.Qxc2 Rxc2+ 26.Re2 Rxe2+ 27.Kxe2 axb4 28.a4 Ra8 29.Kd3 Bd8 30.Kc2 Rc8+
31.Kb3 Ba5 32.Ne5 Kg7 33.g5 hxg5 34.fxg5 Rc7 35.Rf1 Kg8 36.Rf2 Rc1 37.Rc2 Rd1
38.Rc8+ Kg7 39.Nd7 Rd3+ 40.Ka2 Rf3 41.Nf6 Rxf6 42.gxf6+ Kxf6 43.Rc5 Bd8 44.a5  1-0

[Event "Gibraltar Masters 2019"]
[Site "Caleta ENG"]
[Date "2019.01.30"]
[Round "9.88"]
[White "Whatley,Stephen A J"]
[Black "Cramling Bellon,Anna"]
[Result "1-0"]
[WhiteElo "2171"]
[BlackElo "2025"]

1.e4 c5 2.Nf3 e6 3.g3 Nc6 4.Bg2 g6 5.O-O Bg7 6.c3 e5 7.Na3 d6 8.Nc2 Nge7
9.d4 exd4 10.cxd4 Bg4 11.Be3 Qb6 12.d5 Nb4 13.Nxb4 Qxb4 14.Qd2 Qxd2 15.Nxd2 Be2
16.Rfe1 Ba6 17.e5 Bxe5 18.Bxc5 b6 19.Ba3 Kd7 20.Rad1 h6 21.Ne4 f5 22.f4 fxe4
23.fxe5 dxe5 24.Bxe4 Rae8 25.g4 h5 26.d6 Nc6 27.Bxg6 Nd4 28.Bxe8+ Rxe8 29.Rxd4 exd4
30.Rxe8 Kxe8 31.gxh5 d3 32.Bb4 Bc4 33.Kf2 Bxa2 34.Ke3 Kd7 35.Kxd3 a5 36.Ba3 b5
37.Bc5 Kc6 38.Kd4 Bf7 39.h6 Bg8 40.Ke5 Bh7 41.Ke6 Bd3 42.d7  1-0

[Event "Gibraltar Masters 2019"]
[Site "Caleta ENG"]
[Date "2019.01.30"]
[Round "9.87"]
[White "De Haan,E"]
[Black "Hosek,Ma"]
[Result "1-0"]
[WhiteElo "2337"]
[BlackElo "2153"]

1.d4 Nf6 2.c4 g6 3.Nc3 d5 4.cxd5 Nxd5 5.e4 Nxc3 6.bxc3 Bg7 7.Nf3 c5 8.Be3 O-O
9.Be2 Bg4 10.O-O cxd4 11.cxd4 Nc6 12.d5 Bxf3 13.Bxf3 Na5 14.Rc1 b6 15.Qa4 Qd6
16.Rc2 Rac8 17.Rfc1 Rxc2 18.Qxc2 Be5 19.g3 e6 20.Bh6 Rd8 21.Qa4 exd5 22.exd5 Qf6
23.Qg4 Qf5 24.Qh4 Bf6 25.Qf4 Be5 26.Qh4 Bf6 27.Qf4 Be5 28.Qe3 Bd6 29.Re1 Bf8
30.Bxf8 Rxf8 31.Rc1 Qd7 32.Qc3 Nb7 33.h4 h5 34.Qf6 Nc5 35.Re1 Qd8 36.Re7 Nd7
37.Qd6 Nc5 38.Qe5 Nd7 39.Qe3 Nf6 40.Qe5 Nd7 41.Qe3 a6 42.d6 Nc5 43.Qe5 Qc8
44.Bd5 Qg4 45.Rxf7  1-0

[Event "Gibraltar Masters 2019"]
[Site "Caleta ENG"]
[Date "2019.01.30"]
[Round "9.86"]
[White "Lim,Z"]
[Black "Stijve,Theo"]
[Result "1-0"]
[WhiteElo "2178"]
[BlackElo "2339"]

1.e4 c5 2.Nf3 a6 3.g3 b5 4.Bg2 Bb7 5.Qe2 e6 6.O-O d6 7.a4 Nd7 8.d4 Ngf6 9.d5 e5
10.c4 b4 11.Ne1 Qe7 12.Nd3 O-O-O 13.Nd2 g6 14.Nb3 Bg7 15.Bd2 h5 16.Na5 Bh6
17.Bxb4 cxb4 18.Nxb4 Nb8 19.Nd3 Qc7 20.b4 Kd7 21.c5 Ke7 22.f4 Ne8 23.fxe5 dxe5
24.Qf2 f5 25.Nxb7 Qxb7 26.exf5 Kf6 27.fxg6+ Kg7 28.Nxe5 Bg5 29.Nf7 Nf6 30.Nxg5  1-0

[Event "Gibraltar Masters 2019"]
[Site "Caleta ENG"]
[Date "2019.01.30"]
[Round "9.101"]
[White "Osuna Vega,E"]
[Black "Valhondo Morales,R"]
[Result "0-1"]
[WhiteElo "2116"]
[BlackElo "2231"]

1.d4 Nf6 2.Nf3 g6 3.c4 Bg7 4.Nc3 O-O 5.e4 d6 6.Be2 Nbd7 7.h3 e5 8.dxe5 dxe5
9.Be3 c6 10.Qd2 Qe7 11.Bg5 Nc5 12.Rd1 Re8 13.O-O Ne6 14.Be3 Nh5 15.Ng5 Nhf4
16.Nxe6 Nxe6 17.Bg4 Nd4 18.Bxc8 Raxc8 19.f3 Rcd8 20.Qf2 Qb4 21.f4 Qxc4 22.f5 b5
23.Rc1 b4 24.Nd5 Ne2+ 25.Kh2 Nxc1 26.Rxc1 Qxe4 27.f6 cxd5 28.fxg7 Rc8 29.Rf1 f5
30.Bh6 Rc2 31.Qg3 f4 32.Kh1 Qe2 33.Rf3 Rc1+  0-1

[Event "Gibraltar Masters 2019"]
[Site "Caleta ENG"]
[Date "2019.01.30"]
[Round "9.84"]
[White "Koehler,G2"]
[Black "Fenollar Jorda,M"]
[Result "0-1"]
[WhiteElo "2184"]
[BlackElo "2342"]

1.c4 c6 2.Nf3 d5 3.e3 Nf6 4.Nc3 e6 5.b3 Nbd7 6.Be2 Bd6 7.Qc2 O-O 8.O-O Qe7
9.Bb2 a6 10.d4 dxc4 11.Bxc4 e5 12.Bd3 Re8 13.Ne4 Nxe4 14.Bxe4 h6 15.Rfe1 Ba3
16.Bxa3 Qxa3 17.Red1 exd4 18.Nxd4 Qe7 19.Bh7+ Kh8 20.Nf5 Qe6 21.Nd6 g6 22.Nxf7+ Kxh7
23.Nxh6 Kxh6 24.Rd4 Nf6 25.Rad1 Qe7 26.Qe2  0-1

[Event "Gibraltar Masters 2019"]
[Site "Caleta ENG"]
[Date "2019.01.30"]
[Round "9.83"]
[White "Sidhant,M"]
[Black "Torres,Federico"]
[Result "1-0"]
[WhiteElo "2344"]
[BlackElo "2196"]

1.e4 e5 2.Nf3 Nc6 3.Bc4 d6 4.O-O h6 5.c3 Nf6 6.Re1 g5 7.Qb3 Qe7 8.d4 Bg7
9.d5 Nd8 10.Bb5+ c6 11.Bd3 O-O 12.c4 Nh5 13.Nc3 g4 14.Nd2 Nf4 15.Bc2 f5 16.Nf1 fxe4
17.Bxe4 Qf6 18.Be3 h5 19.c5 dxc5 20.dxc6+ Be6 21.cxb7 Rb8 22.Qa3 Nxb7 23.Rad1 Qe7
24.Qxa7 h4 25.Bxf4 exf4 26.Bd5 Qg5 27.Rxe6 Kh8 28.Bxb7 g3 29.Bf3 Rxb2 30.Rd5 Qxd5
31.Bxd5  1-0

[Event "Gibraltar Masters 2019"]
[Site "Caleta ENG"]
[Date "2019.01.30"]
[Round "9.82"]
[White "Karim,I"]
[Black "Warakomska,A"]
[Result "1-0"]
[WhiteElo "2347"]
[BlackElo "2209"]

1.Nf3 d5 2.g3 c6 3.Bg2 Bg4 4.d3 Nd7 5.Nbd2 e6 6.h3 Bh5 7.O-O Bd6 8.Qe1 Ne7
9.e4 O-O 10.Nh4 Ng6 11.Nxg6 Bxg6 12.f4 f6 13.Kh1 Qc7 14.a3 Rfe8 15.b3 a5
16.Bb2 Bf7 17.d4 c5 18.e5 Bf8 19.c4 cxd4 20.Bxd4 fxe5 21.fxe5 Bc5 22.Qf2 Rf8
23.cxd5 exd5 24.Bxc5 Qxc5 25.Qxc5 Nxc5 26.Rac1 Rac8 27.Nf3 Ne4 28.Kh2 Rfe8
29.Rxc8 Rxc8 30.Nd4 Re8 31.Rc1 Rxe5 32.Rc7 Bg6 33.Rxb7 Nc3 34.b4 axb4 35.axb4 Re3
36.Rc7 Be4 37.b5 Nxb5 38.Nxb5 Re2 39.Rc8+ Kf7 40.Nd6+ Kf6 41.Nxe4+ dxe4 42.Re8 e3
43.g4 h5 44.gxh5 Kg5 45.Kg3 Re1 46.h4+ Kf6 47.Kf4 Rg1 48.Bf3 Re1 49.Rxe3 Rxe3
50.Kxe3 g5 51.h6 g4 52.Be4 Kf7 53.Bh7  1-0

[Event "Gibraltar Masters 2019"]
[Site "Caleta ENG"]
[Date "2019.01.30"]
[Round "9.81"]
[White "Taylor,Adam C"]
[Black "Bliumberg,V"]
[Result "1-0"]
[WhiteElo "2356"]
[BlackElo "2253"]

1.Nf3 c5 2.c4 Nc6 3.Nc3 e5 4.g3 f5 5.Nh4 g6 6.e4 f4 7.d3 d6 8.Ng2 fxg3 9.hxg3 Bg7
10.Be2 Nd4 11.Be3 Nf6 12.Nd5 Nxd5 13.cxd5 Bd7 14.Nh4 Qa5+ 15.Kf1 Qa6 16.Bxd4 cxd4
17.Kg2 Qb6 18.Bg4 Qd8 19.Qf3 Bxg4 20.Qxg4 Qd7 21.Qf3 O-O-O 22.Rac1+ Kb8 23.Rc4 Bh6
24.Qe2 Bg5 25.Nf3 Qe7 26.a4 h5 27.a5 a6 28.b4 h4 29.gxh4 Bxh4 30.b5 axb5
31.Rb4 Qd7 32.Nxh4 g5 33.Nf5 Rxh1 34.Kxh1 Qh7+ 35.Kg1 Rc8 36.Rb1 b4 37.Ng3 Qh4
38.Qb2  1-0

[Event "Gibraltar Masters 2019"]
[Site "Caleta ENG"]
[Date "2019.01.30"]
[Round "9.80"]
[White "Abdulraheem,Abdulrahman Akintoye"]
[Black "Krishna Teja,N"]
[Result "1/2-1/2"]
[WhiteElo "2224"]
[BlackElo "2371"]

1.b3 d5 2.Bb2 Bf5 3.Nf3 e6 4.e3 Nf6 5.Nh4 Bg4 6.Be2 Bxe2 7.Qxe2 Nbd7 8.f4 Bd6
9.Nc3 c6 10.O-O-O Qe7 11.g4 d4 12.Nb1 Nd5 13.Ng2 dxe3 14.dxe3 e5 15.Nc3 Nxc3
16.Bxc3 exf4 17.Qd3 f3 18.Qxd6 fxg2 19.Qxe7+ Kxe7 20.Rhg1 Rhd8 21.Rxg2 Nf6
22.Rf1 Ne8 23.Rgf2 f6 24.g5 fxg5 25.Rf7+ Ke6 26.Rxb7 Rdb8 27.Rff7 Rxb7 28.Rxb7 h5
29.Bxg7 Nd6 30.Rc7 Rc8  1/2-1/2

[Event "Gibraltar Masters 2019"]
[Site "Caleta ENG"]
[Date "2019.01.30"]
[Round "9.79"]
[White "Onabogun,K"]
[Black "Shachar,E"]
[Result "0-1"]
[WhiteElo "2189"]
[BlackElo "2391"]

1.e4 e6 2.d4 d5 3.Nc3 Nf6 4.Bg5 dxe4 5.Nxe4 Be7 6.Nxf6+ Bxf6 7.Bxf6 Qxf6
8.Nf3 O-O 9.c3 b6 10.Bd3 Bb7 11.Qc2 Bxf3 12.gxf3 Qh6 13.Be4 c6 14.Qe2 f5
15.Bc2 Nd7 16.Bb3 Rfe8 17.Qe3 Qf6 18.O-O-O a5 19.Rhe1 a4 20.Bxe6+ Kh8 21.d5 cxd5
22.Rxd5 Nc5 23.Re5 Qxe5 24.Qxe5 Nd3+ 25.Kc2 Nxe5 26.Rxe5 Re7 27.f4 Rae8 28.Bxf5 Rxe5
29.fxe5 Rxe5 30.Bg4 Re1 31.h4 Re4 32.f3 Re2+ 33.Kb1 g6 34.a3 Rh2 35.h5 gxh5
36.Bd7 h4 37.Bxa4 h3  0-1

[Event "Gibraltar Masters 2019"]
[Site "Caleta ENG"]
[Date "2019.01.30"]
[Round "9.78"]
[White "Fuchs,Ju"]
[Black "Erenberg,Ariel"]
[Result "0-1"]
[WhiteElo "2249"]
[BlackElo "2409"]

1.e4 c5 2.Nf3 d6 3.d4 cxd4 4.Nxd4 Nf6 5.Nc3 a6 6.Be3 e5 7.Nb3 Be6 8.f3 h5
9.Nd5 Nxd5 10.exd5 Bf5 11.Bd3 Bxd3 12.Qxd3 Nd7 13.O-O Be7 14.c4 O-O 15.Rac1 b6
16.Qd2 Bf6 17.Na1 a5 18.Nc2 Re8 19.Na3 e4 20.Nb5 Nc5 21.Rce1 Nd3 22.Rb1 Ne5
23.b3 exf3 24.gxf3 a4 25.Bd4 axb3 26.axb3 h4 27.Rbe1 Qd7 28.Kh1 h3 29.Bxb6 Bh4
30.Rd1 Ra6 31.Qd4 Qe7 32.Qg1 Ra2 33.Nc3 Rc2 34.Bd4 f5 35.Bxe5 Qxe5 36.Nb1 Rg2
37.Qxg2 hxg2+ 38.Kxg2 Qb2+ 39.Kh3 Re2 40.Rh1 Qxb3  0-1

[Event "Gibraltar Masters 2019"]
[Site "Caleta ENG"]
[Date "2019.01.30"]
[Round "9.77"]
[White "Benmesbah,N"]
[Black "Barski,R"]
[Result "0-1"]
[WhiteElo "2252"]
[BlackElo "2458"]

1.e4 e5 2.Nf3 Nc6 3.Bc4 Bc5 4.d3 Nf6 5.O-O a6 6.c3 d6 7.Bb3 Ba7 8.h3 h6 9.Re1 g5
10.Nh2 Rg8 11.Be3 Qe7 12.Bd5 g4 13.hxg4 Nxg4 14.Bxa7 Nxh2 15.Qh5 Nxa7 16.Qxh2 c6
17.Bb3 Bg4 18.Bd1 Bd7 19.Nd2 O-O-O 20.Nc4 Rg6 21.Bh5 Rg5 22.Nb6+ Kb8 23.Nxd7+ Qxd7
24.d4 Rdg8 25.Bf3 Qe6 26.Rad1 Qf6 27.Qh3 Nb5 28.Rd3 exd4 29.a4 Nc7 30.Rxd4 Ne6
31.Rxd6 Qe5 32.Red1 Nf4 33.Rd8+ Ka7 34.Qd7 Rxg2+ 35.Bxg2 Rxg2+ 36.Kf1 Rh2
37.Rg8 Rh1+ 38.Rg1 Qh5 39.Qd4+ c5 40.Qxc5+ Qxc5 41.Rxh1 Qc4+  0-1

[Event "Gibraltar Masters 2019"]
[Site "Caleta ENG"]
[Date "2019.01.30"]
[Round "9.76"]
[White "Giemsa,S"]
[Black "Repka,C"]
[Result "1-0"]
[WhiteElo "2275"]
[BlackElo "2491"]

1.d4 Nf6 2.c4 e6 3.g3 c5 4.Nf3 cxd4 5.Nxd4 Nc6 6.Bg2 Bb4+ 7.Nc3 O-O 8.O-O a6
9.Bf4 Qe7 10.Nc2 Bc5 11.Na4 Nh5 12.Bd2 Ba7 13.c5 Bxc5 14.Bxc6 bxc6 15.Nxc5 Qxc5
16.Bb4 Qe5 17.Bxf8 Kxf8 18.Qd4 Qxd4 19.Nxd4 c5 20.Nb3 d6 21.Rfd1 Ke7 22.Na5 Bd7
23.Nb7 Rb8 24.Nxd6 Rxb2 25.e3 Nf6 26.Nc4 Rb4 27.Ne5 Bb5 28.Nd3 Bxd3 29.Rxd3 c4
30.Ra3 Rb2 31.Rc1 Ne4 32.Rxc4 Nxf2 33.Rxa6 f5 34.Rcc6 Nd3 35.Rxe6+ Kf8 36.Reb6 Rc2
37.Rb8+  1-0

[Event "Gibraltar Masters 2019"]
[Site "Caleta ENG"]
[Date "2019.01.30"]
[Round "9.75"]
[White "Gunina,V"]
[Black "Chinguun,Sumiya"]
[Result "1-0"]
[WhiteElo "2501"]
[BlackElo "2286"]

1.e4 c5 2.Nf3 e6 3.d4 cxd4 4.Nxd4 a6 5.c4 Nf6 6.Nc3 Bb4 7.Qd3 d6 8.Be2 Nbd7
9.Nb3 O-O 10.O-O Qc7 11.Bg5 b6 12.f3 Bxc3 13.Qxc3 Bb7 14.Rfd1 d5 15.exd5 exd5
16.Rac1 Rfe8 17.Bf1 h6 18.Bh4 Qe5 19.Qxe5 Rxe5 20.c5 Rc8 21.cxb6 Nxb6 22.Nc5 Re7
23.Bg3 Rc6 24.Nxb7 Rxc1 25.Rxc1 Rxb7 26.Rc7 Rxc7 27.Bxc7 Na4 28.b3 Nc3 29.a4 Nd7
30.a5 d4 31.b4 Nd5 32.Bd6 f6 33.Bc4  1-0

[Event "Gibraltar Masters 2019"]
[Site "Caleta ENG"]
[Date "2019.01.30"]
[Round "9.74"]
[White "Pogonina,N"]
[Black "Stewart,Ashley"]
[Result "1-0"]
[WhiteElo "2465"]
[BlackElo "2122"]

1.d4 Nf6 2.c4 g6 3.Nf3 Bg7 4.e3 O-O 5.Be2 d6 6.O-O Nbd7 7.Nc3 e5 8.Qc2 Re8
9.dxe5 dxe5 10.e4 c6 11.Rd1 Qc7 12.h3 Nc5 13.Be3 Ne6 14.c5 Nh5 15.b4 Nef4
16.Bf1 Be6 17.Kh2 Qc8 18.Na4 h6 19.Nb2 f5 20.Nc4 fxe4 21.Nd6 Qc7 22.Nxe8 Rxe8
23.Nd2 Nf6 24.Nc4 N6d5 25.Rab1 a6 26.a4 Rf8 27.Nd6 Bf5 28.b5 axb5 29.axb5 Nxe3
30.fxe3 Nd3 31.bxc6 bxc6 32.Rb7 Qa5 33.Nxf5 Rxf5 34.Bxd3 exd3 35.Qxd3 Qxc5
36.Qd7 Qf8 37.Qe6+ Kh8 38.Rdd7 Rf6 39.Qb3 e4 40.Rb8 Kh7 41.Rxf8  1-0

[Event "Gibraltar Masters 2019"]
[Site "Caleta ENG"]
[Date "2019.01.30"]
[Round "9.72"]
[White "Seeman,T"]
[Black "Byron,A"]
[Result "1/2-1/2"]
[WhiteElo "2386"]
[BlackElo "2157"]

1.Nf3 d6 2.d4 Nf6 3.g3 g6 4.Bg2 Bg7 5.O-O O-O 6.a4 a5 7.Re1 Nbd7 8.e4 e5
9.Nbd2 b6 10.dxe5 dxe5 11.b3 Re8 12.Bb2 Ba6 13.Bf1 Bxf1 14.Kxf1 Nh5 15.Qe2 Qe7
16.Rad1 Nf8 17.Qb5 f6 18.Nc4 Rad8 19.Qc6 Ne6 20.Rd5 Qf7 21.Red1 Bf8 22.Rd7 Rxd7
23.Rxd7 Re7 24.Rd1 Qe8 25.Qd5 Rf7 26.Bc1 Bc5 27.Bh6 Bf8 28.Be3 Nhg7 29.Kg2 Kh8
30.Qb5 Qxb5 31.axb5 Nc5 32.Bxc5 Bxc5 33.Rd8+ Rf8 34.Rd7 Ne6 35.Ne1 Rd8 36.Rxd8+ Nxd8
37.Nd3 Ne6 38.f4 Bd4 39.fxe5 fxe5 40.h4 Kg7 41.Nd2 Kf6 42.Nf3 h5 43.Kh3 Bc3
44.g4 hxg4+ 45.Kxg4 Nd8 46.Ng1 c6 47.Ne2 Bd2 48.bxc6 Nxc6 49.c4 Na7 50.Ng1 Bc3
51.Nf3 Nc6 52.Kg3 Na7 53.Kg2 b5 54.cxb5 Nxb5 55.Nc5 Nd6 56.Ng5 Bd4 57.Nd3 Be3
58.Kf3 Bd4 59.Nc1 Nc8 60.Ne2 Bb2 61.Ke3 a4 62.bxa4 Nb6 63.Kd3 Nxa4 64.Kc4 Nb6+
65.Kc5 Nc8 66.Kc6 Ne7+ 67.Kd7 Nf5 68.Nh7+ Kg7 69.exf5 gxf5 70.Ng5 Kg6 71.Ke6 Kh5
72.Kxf5 Kxh4 73.Nf3+ Kh5  1/2-1/2

[Event "Gibraltar Masters 2019"]
[Site "Caleta ENG"]
[Date "2019.01.30"]
[Round "9.71"]
[White "Kiik,K"]
[Black "Phadke,So1"]
[Result "1-0"]
[WhiteElo "2410"]
[BlackElo "2191"]

1.Nf3 f5 2.d3 d6 3.e4 e5 4.Nc3 Nf6 5.exf5 Bxf5 6.d4 e4 7.Nh4 Bc8 8.f3 exf3
9.Qxf3 Nc6 10.Bb5 Be7 11.d5 Bg4 12.Qf4 a6 13.Ba4 b5 14.dxc6 bxa4 15.Nf5 O-O
16.O-O d5 17.Nxe7+ Qxe7 18.Be3 Qd6 19.Qxd6 cxd6 20.Bd4 Be6 21.Bxf6 Rxf6 22.Rxf6 gxf6
23.Ne2 Bf5 24.Rf1 Bxc2 25.Rxf6 a3 26.bxa3 Rd8 27.Nd4 Ba4 28.g4  1-0

[Event "Gibraltar Masters 2019"]
[Site "Caleta ENG"]
[Date "2019.01.30"]
[Round "9.70"]
[White "Antova,Gabriela"]
[Black "Solomon,K"]
[Result "1/2-1/2"]
[WhiteElo "2263"]
[BlackElo "2413"]

1.d4 Nf6 2.c4 e6 3.Nf3 b6 4.a3 Ba6 5.Qb3 d5 6.cxd5 exd5 7.Nc3 Be7 8.Bg5 c6
9.g3 O-O 10.Bxf6 Bxf6 11.Bg2 Re8 12.Qc2 c5 13.O-O-O Nc6 14.e3 cxd4 15.Nxd4 Nxd4
16.exd4 Rc8 17.Kb1 Be2 18.Rde1 Bc4 19.Qd1 Qd7 20.Rxe8+ Rxe8 21.Re1 Rc8 22.f4 Qd6
23.Qf3 Bxd4 24.Nxd5 Kf8 25.Qe4 Bxd5 26.Qxd5 Qxd5 27.Bxd5 g6 28.g4 Rd8 29.Bb3 Bc5
30.Kc2 Rd4 31.Rf1 Re4 32.f5 g5 33.h3 Re2+ 34.Kb1 Bd4 35.Bc2 Bf6 36.Rf3 Ke7
37.b4 h6 38.Rd3 b5 39.Kc1 Rh2 40.a4 Rh1+ 41.Kd2 Rh2+ 42.Kd1 Rh1+ 43.Ke2 a6
44.axb5 axb5 45.Re3+ Kf8 46.Bd3 Rh2+ 47.Kf1 Bd4 48.Rf3 Rb2 49.Bxb5 Rxb4 50.Bc6 Rb1+
51.Ke2 Rc1 52.Bd5 Kg7 53.Rd3  1/2-1/2

[Event "Gibraltar Masters 2019"]
[Site "Caleta ENG"]
[Date "2019.01.30"]
[Round "9.69"]
[White "Reuben,S"]
[Black "Cano Sevilla,Ivan"]
[Result "1/2-1/2"]
[WhiteElo "1989"]
[BlackElo "1950"]

1.c4 c5 2.Nc3 Nc6 3.g3 g6 4.Bg2 Bg7 5.e3 e5 6.Nge2 Nge7 7.Nd5 d6 8.Nec3 O-O
9.O-O f5 10.a3 Be6 11.d3 Qd7 12.Bd2 h6 13.b4 g5 14.Rb1 f4 15.b5 Nd8 16.exf4 gxf4
17.Nxe7+ Qxe7 18.Nd5 Qd7 19.gxf4 Kh8 20.fxe5 Bxe5 21.Qh5 Nf7 22.Bxh6 Bg4
23.Qh4 Nxh6 24.Qxh6+ Qh7 25.Qxh7+ Kxh7 26.Ne3 Bf3 27.Bxf3 Rxf3 28.Kg2 Raf8
29.Rbd1 Bd4 30.Ng4 Kg6 31.Rfe1 Kg5 32.Re4 R3f5 33.h3 Bxf2 34.Rf1 Bh4 35.Rxf5+ Kxf5
36.Nh2 Rg8+ 37.Kf1 Bf6 38.Ng4 Bg5 39.Kg2 Rg7 40.Kg3 a6 41.h4 Bc1 42.a4 axb5
43.axb5 b6 44.Kf3 Rh7 45.Ne3+ Bxe3 46.Kxe3 d5 47.cxd5 Rd7 48.Re6 Rxd5 49.Rxb6 Rd4
50.Rc6 Rxh4 51.Rxc5+ Ke6 52.d4 Kd7 53.b6 Rh6 54.Rb5 Kc8 55.d5 Kb7 56.Kd4 Rg6
57.Kc5 Rh6 58.Rb4 Rh1 59.d6 Rh5+ 60.Kd4 Rh4+ 61.Kc3 Rh3+ 62.Kd2 Rh2+ 63.Ke3 Rh3+
64.Kf2 Rd3  1/2-1/2

[Event "Gibraltar Masters 2019"]
[Site "Caleta ENG"]
[Date "2019.01.30"]
[Round "9.68"]
[White "Schippers,Maurice"]
[Black "Tsolakidou,Stavroula"]
[Result "0-1"]
[WhiteElo "2276"]
[BlackElo "2414"]

1.e4 c5 2.Nf3 d6 3.d4 Nf6 4.Nc3 cxd4 5.Nxd4 a6 6.g3 e5 7.Nf3 Be7 8.Nh4 Nc6
9.Bg2 g6 10.O-O O-O 11.a4 Bg4 12.Nf3 Rc8 13.h3 Be6 14.Bg5 Nb4 15.Re1 Qc7
16.Re2 Rfd8 17.Rd2 Kg7 18.Nh2 h6 19.Bxf6+ Bxf6 20.h4 h5 21.Nf1 Kg8 22.Ne3 Bg7
23.Ned5 Nxd5 24.exd5 Bd7 25.Ne4 Bh6 26.Re2 Kg7 27.c3 f5 28.Ng5 Bxg5 29.hxg5 h4
30.Qd2 hxg3 31.fxg3 Qc4 32.Kf2 Bxa4 33.Ree1 Bb5 34.Rh1 Rh8 35.Qe3 Qb3 36.Qd2 Bc4
37.Bf3 Qb6+ 38.Ke1 Rxh1+  0-1

[Event "Gibraltar Masters 2019"]
[Site "Caleta ENG"]
[Date "2019.01.30"]
[Round "9.67"]
[White "Solozhenkina,Elizaveta"]
[Black "Horvath,Dominik"]
[Result "0-1"]
[WhiteElo "2279"]
[BlackElo "2417"]

1.Nf3 d5 2.g3 Nc6 3.d4 Bg4 4.Bg2 e6 5.O-O Bd6 6.Re1 Nf6 7.Nbd2 O-O 8.e4 dxe4
9.Nxe4 Nxe4 10.Rxe4 f5 11.Rxe6 f4 12.Re4 Bf5 13.Re2 Qf6 14.Ne5 fxg3 15.hxg3 Rad8
16.Nf3 h6 17.c3 Bg4 18.Re3 Rde8 19.Qb3+ Kh8 20.Rxe8 Rxe8 21.Nh2 Re1+ 22.Nf1 Qf5
23.Qd5 Qd3 24.b3 Bf3 25.Qxf3 Rxf1+ 26.Kh2 Qxf3 27.Bxf3 Ba3 28.Bxa3 Rxa1 29.Bc5 Rxa2
30.Kg2 Rc2 31.d5 Rxc3 32.dxc6 Rxc5 33.cxb7 Rb5 34.Bd5 g6 35.f4 Kg7 36.Kf3 Kf6
37.Ke4 Rb4+ 38.Kd3 Kf5 39.Kc3 a5 40.Bf3 h5 41.Kc2 h4  0-1

[Event "Gibraltar Masters 2019"]
[Site "Caleta ENG"]
[Date "2019.01.30"]
[Round "9.66"]
[White "Wemmers,X"]
[Black "Risting,Eivind Olav"]
[Result "1/2-1/2"]
[WhiteElo "2418"]
[BlackElo "2281"]

1.d4 Nf6 2.c4 e6 3.Nc3 Bb4 4.e3 O-O 5.Bd3 d5 6.cxd5 exd5 7.Bd2 Re8 8.Rc1 c5
9.a3 Bxc3 10.bxc3 b6 11.Ne2 Ba6 12.Bxa6 Nxa6 13.f3 Nb8 14.O-O Nc6 15.dxc5 bxc5
16.c4 Rc8 17.cxd5 Qxd5 18.e4 Qa2 19.Ra1 Qc4 20.Bg5 Red8 21.Qe1 Nd4 22.Nxd4 Qxd4+
23.Be3 Qe5 24.Rc1 Rd3 25.a4 h6 26.Qe2 Ra3 27.Qa6 Qe8 28.Rxc5 Rxc5 29.Bxc5 Rxa4
30.Qb7 Qd7 31.Qb3 Ra6 32.Rb1 Qa4 33.Qd3 Re6 34.h3 a6 35.Rd1 Qc6 36.Ba3 Qb6+
37.Kh2 Qa5 38.Bb2 Qg5 39.Qc2 Qf4+ 40.Kh1 Qb8 41.Ba1 Qb5 42.Rb1 Qc6 43.Qd3 Qc7
44.Rd1 Qf4 45.Kg1 Nh5 46.Qd5 Qe3+ 47.Kh2 Qf4+ 48.Kg1 Qe3+ 49.Kh2 Qf4+ 50.Kg1  1/2-1/2

[Event "Gibraltar Masters 2019"]
[Site "Caleta ENG"]
[Date "2019.01.30"]
[Round "9.65"]
[White "Michenka,J"]
[Black "Buksa,N"]
[Result "1/2-1/2"]
[WhiteElo "2280"]
[BlackElo "2420"]

1.d4 d5 2.c4 e6 3.Nc3 Nf6 4.cxd5 exd5 5.Bg5 c6 6.e3 Nbd7 7.Bd3 Be7 8.Qc2 Nh5
9.Bxe7 Qxe7 10.Nge2 g6 11.a3 Nb6 12.O-O-O Be6 13.Kb1 O-O-O 14.Na4 Ng7 15.Qb3 Nxa4
16.Qxa4 Kb8 17.Ng3 Qd7 18.Qc2 h5 19.a4 Ne8 20.Ne2 Nd6 21.Nf4 Bf5 22.Bxf5 Qxf5
23.Qxf5 Nxf5 24.Kc2 Rhe8 25.Rd3 Kc7 26.g3 Nd6 27.Kd1 Nc4 28.Kc1 Re7 29.Re1 Rg8
30.Rc3 Nd6 31.Kd1 Kb8 32.Ke2 Ne4 33.Rc2 Nd6 34.Kf3 f6 35.Rh1 Rh7 36.Kg2 Nf5
37.Rcc1 Nd6  1/2-1/2

[Event "Gibraltar Masters 2019"]
[Site "Caleta ENG"]
[Date "2019.01.30"]
[Round "9.64"]
[White "Aguilar,A"]
[Black "Kavutskiy,K"]
[Result "0-1"]
[WhiteElo "2307"]
[BlackElo "2424"]

1.Nf3 Nf6 2.c4 g6 3.g3 Bg7 4.Bg2 O-O 5.O-O d6 6.d4 Nc6 7.Nc3 e5 8.dxe5 dxe5
9.Bg5 Be6 10.Qa4 Qc8 11.Nd2 Bd7 12.Bxf6 Bxf6 13.Nde4 Bd8 14.Nc5 Be8 15.e3 Be7
16.N5e4 f5 17.Nd5 Bd8 18.Nc5 b6 19.Nd3 e4 20.N3f4 g5 21.Ne2 Ne5 22.Qc2 c6
23.Ndc3 Qe6 24.b3 Qh6 25.h3 Bh5 26.Rfd1 Bc7 27.Kf1 Rf7 28.Rd4 Nf3 29.Rdd1 Re8
30.a4 Bg6 31.a5 f4 32.axb6 axb6 33.gxf4 gxf4 34.exf4 Bf5 35.Ng3 Bxh3 36.Ncxe4 Rxf4
37.Ra7 Bxg2+ 38.Kxg2 Qh2+ 39.Kf1 Qg1+ 40.Ke2 Nd4+ 41.Kd3 Rf3+ 42.Kxd4 Be5+  0-1

[Event "Gibraltar Masters 2019"]
[Site "Caleta ENG"]
[Date "2019.01.30"]
[Round "9.63"]
[White "Kozak,Adam"]
[Black "Gutierrez Olivares,D"]
[Result "1-0"]
[WhiteElo "2425"]
[BlackElo "2320"]

1.Nf3 Nf6 2.c4 c6 3.Nc3 d5 4.e3 g6 5.d4 Bg7 6.Bd3 O-O 7.O-O dxc4 8.Bxc4 c5
9.d5 Ne8 10.e4 Nd6 11.Bd3 e5 12.Re1 Bg4 13.h3 Bxf3 14.Qxf3 f5 15.Qd1 a6 16.a4 Qh4
17.Be3 Nd7 18.f3 c4 19.Bf1 Rac8 20.b3 Bh6 21.Bxh6 Qxh6 22.bxc4 Nxc4 23.d6 Ne3
24.Qd3 Nxf1 25.Rxf1 Kh8 26.Nd5 Nc5 27.Qc3 Qg7 28.Ne7 Nxe4 29.Qb4 Ng3 30.Nxc8 Nxf1
31.d7 Ng3 32.Re1 Rd8 33.Nb6 Qf6 34.Qc5 e4 35.Qc7 Kg7 36.Kh2 Nh5 37.fxe4 f4
38.Rf1 g5 39.Nd5 Qf8 40.Qe5+ Kg6 41.Rb1  1-0

[Event "Gibraltar Masters 2019"]
[Site "Caleta ENG"]
[Date "2019.01.30"]
[Round "9.62"]
[White "Raja,Rithvik R"]
[Black "Goriatchkin,J"]
[Result "1-0"]
[WhiteElo "2431"]
[BlackElo "2325"]

1.d4 d5 2.c4 c6 3.cxd5 cxd5 4.Bg5 h6 5.Bh4 Qb6 6.Nc3 Qxb2 7.Nxd5 e6 8.Rb1 Qa3
9.Qc2 Qa5+ 10.Kd1 Na6 11.e4 exd5 12.Bb5+ Bd7 13.Bxd7+ Kxd7 14.Rxb7+ Nc7 15.Bg3 Bd6
16.e5 Qa6 17.exd6 Qxb7 18.dxc7 Qc6 19.Qf5+ Ke8 20.Nf3 Qa4+ 21.Qc2 Qxc2+ 22.Kxc2 f6
23.Nh4 Ne7 24.Bd6 Kd7 25.Bxe7 Kxe7 26.Ng6+ Kd7 27.Nxh8 Rxh8 28.Rb1 Rc8 29.Rb5 Rxc7+
30.Kd3 Kc6 31.Rc5+ Kd6 32.Ra5 h5 33.h4 Ke6 34.Ra6+ Kf5 35.Rd6 Kg4 36.Rxd5 Kxh4
37.Ra5 Kg4 38.d5 Rd7 39.Kd4 Kf5 40.Kc5 Rc7+ 41.Kd6 Rc2 42.Kd7 Rxf2 43.d6+ Kg6
44.Kc6 Kf7 45.Rxa7+ Ke6 46.Re7+ Kf5 47.d7 Rc2+ 48.Kb7 Rb2+ 49.Kc7 Rc2+ 50.Kd8 Rxa2
51.Rxg7 Re2 52.Rg8 h4 53.Kc7  1-0

[Event "Gibraltar Masters 2019"]
[Site "Caleta ENG"]
[Date "2019.01.30"]
[Round "9.61"]
[White "Povah,N"]
[Black "Tokhirjonova,Gulrukhbegim"]
[Result "0-1"]
[WhiteElo "2329"]
[BlackElo "2446"]

1.d4 e6 2.Nf3 Nf6 3.Bf4 c5 4.e3 Nc6 5.c3 b6 6.Nbd2 Bb7 7.Bd3 Be7 8.h3 O-O
9.O-O d6 10.Qe2 a6 11.a4 Re8 12.Rad1 cxd4 13.exd4 Bf8 14.Bg5 h6 15.Bh4 Be7
16.Bg3 Qc7 17.Rfe1 Bf8 18.h4 Ne7 19.c4 a5 20.b3 Rac8 21.Ne4 Nxe4 22.Bxe4 Bxe4
23.Qxe4 Qd7 24.Qf4 Red8 25.h5 Nf5 26.Bh2 Be7 27.Rd3 d5 28.Ne5 Qe8 29.cxd5 Rxd5
30.g4 Nd6 31.Qd2 Qd8 32.f4 b5 33.Rc1 bxa4 34.bxa4 Rxc1+ 35.Qxc1 Qb6 36.Qd1 Ne4
37.Kf1 Bh4 38.Bg1 Qb2 39.Nf3 Nf2 40.Qd2 Qb1+ 41.Ke2 Nxd3 42.Qxd3 Qxd3+ 43.Kxd3 Bf6
44.Kc4 g6 45.hxg6 fxg6 46.Be3 Bd8 47.Ne5 h5 48.gxh5 gxh5 49.f5 Rd6 50.Kc5 Bc7
51.Nc4 Rd5+ 52.Kc6 Rxf5 53.Kxc7 h4 54.Kd6 Rf1 55.Nd2 Ra1 56.Bf4 Rxa4 57.Nf3 Rb4
58.Kxe6 a4 59.Be5 a3 60.d5 Rb3 61.Nxh4 Re3 62.d6 Rxe5+ 63.Kxe5 a2 64.Nf5 Kf7
65.d7 a1=Q+ 66.Kd6 Qa3+ 67.Kc7 Qa5+ 68.Kc6 Ke6  0-1

[Event "Gibraltar Masters 2019"]
[Site "Caleta ENG"]
[Date "2019.01.30"]
[Round "9.60"]
[White "Doluhanova,E"]
[Black "Cornette,Deimante"]
[Result "1/2-1/2"]
[WhiteElo "2348"]
[BlackElo "2448"]

1.Nf3 d5 2.e3 Nf6 3.c4 e6 4.Nc3 b6 5.b4 Bb7 6.Rb1 Be7 7.Be2 O-O 8.O-O Nc6
9.b5 Na5 10.cxd5 Nxd5 11.Bb2 c6 12.a4 cxb5 13.axb5 Rc8 14.Qa4 Bf6 15.Nxd5 Bxd5
16.Ba3 Re8 17.e4 Ba2 18.Be7 Rxe7 19.Qxa2 Rec7 20.h3 h6 21.Rfd1 Bd4 22.Qa4 Rd7
23.Rdc1 Rxc1+ 24.Rxc1 Bc5 25.d3 Bd4 26.Rc2 Bc5 27.Rc1 Bd4 28.Rc2 Bc5 29.Rc1 Bd4
30.Rc2 Bc5  1/2-1/2